SNL Cast Alphabet Quiz Stats

 Plays Quiz Updated May 20, 2012

Also try: SNL Cast A-Z
Challenge
Share
Tweet
Score 0/20 Timer 03:00
3 Plays Today
% Correct
Tina Fey
95.3%
Eddie Murphy
94.1%
Adam Sandler
93.2%
John Belushi
87.1%
Billy Crystal
84.7%
Amy Poehler
70%
Kristen Wiig
69.2%
Dan Aykroyd
66.5%
Kenan Thompson
64.5%
Phil Hartman
61.5%
% Correct
Jon Lovitz
60.3%
Chris Kattan
58.4%
Kevin Nealon
58%
Rachel Dratch
56.4%
Gilda Radner
54.5%
Colin Quinn
52.8%
Cheri Oteri
52.3%
Chris Elliott
44.6%
Janeane Garofalo
38.3%
Victoria Jackson
36%

You're not logged in!

Compare scores with friends on all Sporcle quizzes.
Join for Free
OR
Log In

You Might Also Like...

Show Comments

Extras

Top Quizzes Today


Score Distribution

Your Account Isn't Verified!

In order to create a playlist on Sporcle, you need to verify the email address you used during registration. Go to your Sporcle Settings to finish the process.

Report this User

Report this user for behavior that violates our Community Guidelines.

Details: